Hasta que empieza a brillar /

Kaydedildi:
Detaylı Bibliyografya
Yazar: Neuman, Andrés (autor)
Materyal Türü: Kitap
Dil:İspanyolca
Baskı/Yayın Bilgisi: México : Alfaguara, 2025, c2025
Seri Bilgileri:(Narrativa Hispánica)
Konular:
Etiketler: Etiketle
Etiket eklenmemiş, İlk siz ekleyin!

MARC

LEADER 00000nam^a2200000^a^4500
001 000622051
005 20260225000000.0
009 20260310133911.342
020 |a 978-607-385-738-3 
037 |a Acervo ITESO - Biblioteca 
041 |a ESP 
082 |a 863.  |b NEU 
100 |a Neuman, Andrés  |e (autor) 
245 1 0 |a Hasta que empieza a brillar /  |c A. Neuman. 
264 4 |a México :  |b Alfaguara,  |c 2025, c2025 
300 |a 293 p. 
336 |a texto  |b txt  |2 rdacontenido 
337 |a sin mediación  |b n  |2 rdamedio 
338 |a volumen  |b nc  |2 rdasoporte 
440 1 |a (Narrativa Hispánica) 
545 0 |a Andrés Neuman (1977), escritor argentino y filólogo, hijo de padres músicos. Es columnista en algunos diarios como el Clarín, de Argentina, y el ABC, de España; con frecuencia comparte sus reflexiones en su blog Microrréplicas. La relación con sus padres o su identidad con lo temporal y espacial o su eclecticismo lo plasma en su escritura, que atraviesa los diferentes géneros literarios. Entre sus novelas destacan Bariloche (1999), Una vez Argentina (2003), El viajero del siglo (2009), con la cual ha obtenido los premios Alfaguara, Tormenta y de la Crítica; en cuentos: El que espera (2000), Alumbramiento (2006), Hacerse el muerto (2011); en poesía: Métodos de la noche (1998), El tobogán (2002), Patio de locos (2011); en aforismos: El equilibrista (2005); en libro de viajes: Cómo viajar sin ver (2010), entre otros. 
649 |a XX 
650 |a Lingüistas y Semiólogos Españoles -  |x Biografías 
650 |a Bibliotecarios Españoles -  |x Biografías 
650 |a Mujeres Españolas -  |x Biografías 
650 |a Mujeres en la Literatura 
650 |a Novela Argentina 
650 |a Literatura Argentina -  |y Siglo XXI 
650 |a Moliner, María 
910 |a Fondo General 
920 |a Impresos - Libros 
930 |a Colección General 
940 |a Literatura 
905 |a 101 
901 |a 622240-10  |b IT1  |c LIT  |i C190647  |u 20251002 
901 |a 622240-20  |b IT1  |c LIT  |i C193378  |u 20260225 
902 |a https://opac.biblio.iteso.mx/vufind/Record/000622051